000 01288cam a22001814a 4500
005 20250605164025.0
008 250528s ||||||||||||||||||||||||d
035 _a16498
040 _aGR-AtMCL
_bgre
_dGR-AtMCL
_eAACR2
245 1 _aΔημιουργικές Παρουσιάσεις / Microsoft Powerpoint: Διαφάνειες - Εμφάνιση - Εφέ - Κίνηση
260 _bΗμερησία Α.Ε,
_c2007
300 _a152
520 _aΜάθετε βήμα βήμα πως να δίνετε το καταλληλότερο ύφος στα περιεχόμενα της παρουσίασης σας και ζωντανά στα έγγραφα σας με ειδικά εφέ καθώς και εφέ κίνησης. Πρακτικός Οδηγός με Εικόνες. Εισαγωγή, Σχεδιασμός μιας Παρουσίασης, Πρώτα Βήματα, Διαχείριση Διαφανειών, Εισαγωγή Κειμένου, Εισαγωγή και Χειρισμός Γραφικών, Εφέ Κίμησης και Ήχοι και Ταινίες, Προβολή και Εκτύπωση μιας Παρουσίασης, Αναλυτικό Ευρετήριο.
700 1 _aVaccaro Silvia
_92593
942 _cBK
999 _c1992
_d1992